000 00625nam a22001937a 4500
003 NUST - PNEC
005 20170116180805.0
008 150422b xxu||||| |||| 00| 0 eng d
020 _a2881450288
040 _cLIBRARY
082 _a341.67 ICR
100 _92940
_aCross, International Committee Red
245 _aProtocols additional to the Geneva Conventions of 12 August 1949
_cInternational Committee of the Red Cross
250 _a-
260 _aGeneva
_bInternational Committee of the Red Cross
_cc1977.
300 _a123 p. :
_c23 cm.
650 _92943
_aWar--Protection of civilians
_xGeneral
942 _2ddc
_cBK
999 _c63170
_d63170